Digital signal processing / (Record no. 30952)

MARC details
000 -LEADER
fixed length control field 00937nam a22002657a 4500
005 - DATE AND TIME OF LATEST TRANSACTION
control field 20091016105617.0
008 - FIXED-LENGTH DATA ELEMENTS--GENERAL INFORMATION
fixed length control field 091016t xxu||||| |||| 00| 0 eng d
010 ## - LCCN (DPL NO)
LC control number ENG-95136
020 ## - INTERNATIONAL STANDARD BOOK NUMBER
International Standard Book Number 9780070672796
Terms of availability 350.00
020 ## - INTERNATIONAL STANDARD BOOK NUMBER
International Standard Book Number 0070672792
Terms of availability 350.00
035 ## - SYSTEM CONTROL NUMBER
System control number EN-78669
037 ## - SOURCE OF ACQUISITION
Source of stock number/acquisition DBAD/PUB
040 ## - CATALOGING SOURCE
Original cataloging agency DPL
082 ## - DEWEY DECIMAL CLASSIFICATION NUMBER
Classification number 621.3822
100 ## - MAIN ENTRY--PERSONAL NAME
Personal name Poornachandra , S.
245 ## - TITLE STATEMENT
Title Digital signal processing /
Statement of responsibility, etc by S. Poornachandra [and] B. Sasikala
250 ## - EDITION STATEMENT
Edition statement 3rd ed.
260 ## - PUBLICATION, DISTRIBUTION, ETC. (IMPRINT)
Place of publication, distribution, etc New Delhi
Name of publisher, distributor, etc Tata McGraw Hill Education
Date of publication, distribution, etc 2010
270 ## - ADDRESS
Address 7, West Petel Nagar
City New Delhi
Postal code 110008
300 ## - PHYSICAL DESCRIPTION
Extent Various pagings
Dimensions 23cm.(Pbk)
Accompanying material + CD
500 ## - GENERAL NOTE
General note Includes index
700 ## - ADDED ENTRY--PERSONAL NAME
Personal name Sasikala B.
942 ## - ADDED ENTRY ELEMENTS (KOHA)
Source of classification or shelving scheme Dewey Decimal Classification
Item type English Books
Call number suffix POO
Classification part 621.3822
Holdings
Withdrawn status Lost status Source of classification or shelving scheme Damaged status Not for loan Collection code Home library Current library Date acquired Source of acquisition Cost, normal purchase price Total Checkouts Full call number Barcode Date last seen Copy number Cost, replacement price Koha item type
    Dewey Decimal Classification   Not For Loan Non-fiction D.B.Act.Division D.B.Act.Division 16/10/2009 DBAD / PUB 350.00   621.3822 POO EN-78669 16/10/2009 1 350.00 English Books

© Delhi Public Library
Hit Counter
free hit counter